000 00544nam a2200205 a 4500
005 20210219153119.0
008 991125n 000 0 eng u
035 _aUPN01000078893
100 1 _aGandara, Patricia
222 _aURBAN EDUCATION
245 _aExtended year, extended contracts : increasing teacher salary options
300 _a229-247
362 0 _a1992 Vol. 27, no. 3
653 0 _aAÑO ESCOLAR
653 0 _aMAESTROS
653 0 _aEDUCACION BASICA
653 0 _aSALARIOS
904 _aAC
_b016704
905 _aArticulo
999 _c68813
_d68813